Ehemalige Länder + Flagge - Statistiken

Allgemein
  • Dieses Quiz wurde 282 mal gespielt
  • Das Durchschnittsergebnis liegt bei 7 aus 12
Antwortstatistiken
Bildquiz Antwort % Korrekt
Deutsche Demokratische Republik
91%
Tschechoslowakei
83%
Sowjetunion
79%
Römisches Reich
75%
Österreich-Ungarn
74%
Jugoslawien
73%
Preußen
70%
Deutsches Reich
56%
Heiliges Römisches Reich
39%
Französisches Kaiserreich
25%
Serbien und Montenegro
17%
VIchy Frankreich
17%
Keine übereinstimmenden Quizze gefunden
Verteilung der Resultate
Anzahl Personen mit jedem Resultat
Perzentil nach korrekt beantworteten Fragen
Ihre Resultats-Entwicklung
Sie haben dieses Quiz noch nicht gespielt